[Event "Baden Baden op"]
[Site "Baden-Baden"]
[Date "2023.02.19"]
[Round "5"]
[White "Schmitt, Daniel"]
[Black "Hartmann, Martin"]
[Result "1/2-1/2"]
[WhiteElo "2037"]
[BlackElo "2192"]
[PlyCount "85"]
[EventDate "2023.02.17"]
[EventType "swiss"]
[EventRounds "9"]
[EventCountry "GER"]
[SourceTitle "CBM 212 Extra"]
[Source "ChessBase"]
[SourceDate "2023.03.31"]
[SourceVersion "1"]
[SourceVersionDate "2023.03.31"]
[SourceQuality "1"]

1. e4 e5 2. Nf3 Nc6 3. Bb5 a6 4. Ba4 Nf6 5. 0-0 Be7 6. Re1 b5 7. Bb3 0-0 8. a4 Bb7 9. d3 d6 10. Nbd2 h6 11. Nf1 Re8 12. Ng3 Bf8 13. c3 Qd7 14. axb5 axb5 15. Rxa8 Bxa8 16. Nh4 Qg4 17. Qxg4 Nxg4 18. Ng6 Ne7 19. Nxf8 Rxf8 20. f3 Nf6 21. Be3 Bb7 22. d4 Nd7 23. Ra1 Ra8 24. Rxa8+ Bxa8 25. Kf2 c5 26. Ne2 c4 27. Bc2 Nc6 28. d5 Ne7 29. g4 h5 30. h3 hxg4 31. hxg4 f6 32. b3 cxb3 33. Bxb3 g6 34. c4 bxc4 35. Bxc4 f5 36. gxf5 gxf5 37. Nc3 Nf6 38. Bc1 Kf7 39. Ba3 fxe4 40. fxe4 Nxe4+ 41. Nxe4 Bxd5 42. Nxd6+ Ke6 43. Bxd5+ 1/2-1/2

[Event "Oberliga Baden 2223"]
[Site "Germany"]
[Date "2022.10.23"]
[Round "3.6"]
[White "Schmitt, Daniel"]
[Black "Nippgen, Georg"]
[Result "0-1"]
[WhiteElo "2112"]
[BlackElo "2221"]
[PlyCount "170"]
[EventDate "2022.09.18"]
[EventType "team-tourn"]
[EventRounds "9"]
[EventCountry "GER"]
[SourceTitle "EXT 2024"]
[Source "ChessBase"]
[SourceDate "2023.10.10"]
[SourceVersion "1"]
[SourceVersionDate "2023.10.10"]
[SourceQuality "1"]
[WhiteTeam "Baden-Baden III"]
[BlackTeam "Ettlingen"]
[WhiteTeamCountry "GER"]
[BlackTeamCountry "GER"]

1. e4 e5 2. Nf3 Nc6 3. Bb5 a6 4. Ba4 Nf6 5. 0-0 Be7 6. Re1 b5 7. Bb3 d6 8. c3 0-0 9. h3 Na5 10. Bc2 c5 11. d4 Qc7 12. d5 Nc4 13. a4 bxa4 14. Rxa4 Nb6 15. Ra2 Bd7 16. Nbd2 c4 17. Nf1 Bb5 18. Ng3 g6 19. Bg5 Ne8 20. Bh6 Ng7 21. Nh2 f6 22. Qd2 Rf7 23. f4 exf4 24. Bxf4 Nd7 25. Nf3 Nc5 26. Nd4 Rb8 27. Nge2 Bf8 28. Bh6 Ne8 29. Be3 Bd7 30. Rf1 Rb7 31. Kh1 Qb8 32. Qc1 Nc7 33. Bg1 Qe8 34. Ng3 Bc8 35. Qd2 Nd7 36. Ba4 Nb5 37. Re1 Nc5 38. Bc2 Nxd4 39. Bxd4 Nb3 40. Bxb3 Rxb3 41. Rf1 Bg7 42. Qf4 Qe7 43. Rf2 Rb8 44. Kh2 Bb7 45. Bc5 Rd8 46. Bb6 Rc8 47. Bd4 Qf8 48. Ra4 h5 49. Qf3 h4 50. Nf1 f5 51. Bxg7 Kxg7 52. Nd2 fxe4 53. Qxf7+ Qxf7 54. Rxf7+ Kxf7 55. Nxe4 Ke7 56. Nd2 Bxd5 57. Rxa6 Rf8 58. Kg1 Rf5 59. Nf1 Rg5 60. Ne3 Be4 61. Ra4 d5 62. Ra6 Re5 63. Kf2 Re6 64. Ra7+ Kf6 65. Rb7 Ra6 66. Rb5 Ke6 67. Rb8 Ra2 68. Ke1 Ke5 69. Rb5 Kd6 70. Rb8 Ra1+ 71. Ke2 Rb1 72. Rb4 Kc7 73. Kf2 Kc6 74. Ke2 Rg1 75. Kf2 Ra1 76. Ke2 Ra8 77. Kf2 Re8 78. Ng4 Rf8+ 79. Kg1 Bc2 80. Ne3 Bb3 81. Ng4 Ra8 82. Ne5+ Kc5 83. Nxg6 d4 84. Rb7 d3 85. Rxb3 d2 0-1

[Event "GER-ch Youth-A"]
[Site "Willingen"]
[Date "2022.06.07"]
[Round "4"]
[White "Schmitt, Daniel"]
[Black "Paeslack, Luis"]
[Result "1-0"]
[WhiteElo "2128"]
[BlackElo "1889"]
[PlyCount "67"]
[EventDate "2022.06.04"]
[EventType "swiss"]
[EventRounds "9"]
[EventCountry "GER"]
[SourceTitle "CBM 208 Extra"]
[Source "ChessBase"]
[SourceDate "2022.07.31"]
[SourceVersion "1"]
[SourceVersionDate "2022.07.31"]
[SourceQuality "1"]

1. e4 c5 2. Nf3 d6 3. Bb5+ Bd7 4. Bxd7+ Qxd7 5. 0-0 Nc6 6. c3 e5 7. d4 Rd8 8. Na3 Nf6 9. Bg5 Be7 10. Re1 h6 11. Bxf6 Bxf6 12. dxc5 dxc5 13. Nc4 g5 14. Ne3 Qe6 15. Nd5 0-0 16. Qe2 Bg7 17. Ne3 Ne7 18. Nd2 a6 19. a4 Ng6 20. g3 Rd7 21. a5 Ne7 22. Ndc4 f5 23. exf5 Nxf5 24. Nxf5 Qxf5 25. Nd2 e4 26. Nxe4 Re7 27. Qc4+ Kh8 28. Re2 Rfe8 29. Rae1 Qg4 30. Re3 h5 31. Kg2 Bd4 32. cxd4 Rxe4 33. Rxe4 Rxe4 34. f3 1-0

[Event "Bodensee op"]
[Site "Bregenz"]
[Date "2022.05.26"]
[Round "6"]
[White "Fahrner, Kurt"]
[Black "Schmitt, Daniel"]
[Result "1-0"]
[WhiteElo "2314"]
[BlackElo "2141"]
[PlyCount "33"]
[EventDate "2022.05.21"]
[EventType "swiss"]
[EventRounds "9"]
[EventCountry "AUT"]
[SourceTitle "CBM 208 Extra"]
[Source "ChessBase"]
[SourceDate "2022.07.31"]
[SourceVersion "1"]
[SourceVersionDate "2022.07.31"]
[SourceQuality "1"]

1. e4 c5 2. d3 Nc6 3. f4 e6 4. Nf3 d5 5. Be2 Nf6 6. Nc3 Be7 7. 0-0 0-0 8. Qe1 Nd4 9. Bd1 Rb8 10. a4 a6 11. e5 Nxf3+ 12. Bxf3 Ne8 13. f5 exf5 14. Nxd5 Bg5 15. Bxg5 Qxg5 16. Qf2 c4 17. Qa7 1-0

[Event "Oberliga Baden 2122"]
[Site "Germany"]
[Date "2022.03.20"]
[Round "9.7"]
[White "Schmitt, Daniel"]
[Black "Mueller, Michael"]
[Result "1-0"]
[WhiteElo "2099"]
[BlackElo "2172"]
[PlyCount "127"]
[EventDate "2021.10.10"]
[EventType "team-tourn"]
[EventRounds "11"]
[EventCountry "GER"]
[SourceTitle "EXT 2023"]
[Source "ChessBase"]
[SourceDate "2022.10.05"]
[SourceVersion "1"]
[SourceVersionDate "2022.10.05"]
[SourceQuality "1"]
[WhiteTeam "Baden-Baden III"]
[BlackTeam "Viernheim II"]
[WhiteTeamCountry "GER"]
[BlackTeamCountry "GER"]

1. e4 c5 2. Nf3 Nc6 3. d4 cxd4 4. Nxd4 d6 5. c4 g6 6. Be3 Bg7 7. Nc3 Nf6 8. Be2 h5 9. h3 Bd7 10. Nc2 Rc8 11. Rc1 Ne5 12. Na3 Bc6 13. Bd3 Nxd3+ 14. Qxd3 b6 15. Nab5 Qd7 16. Nd4 Bb7 17. 0-0 0-0 18. Rfd1 Rfd8 19. b3 Qe8 20. Nd5 Nd7 21. Bg5 f6 22. Be3 e6 23. Nc3 a6 24. Re1 Qf7 25. Rcd1 g5 26. Nde2 Nc5 27. Qb1 a5 28. f4 g4 29. hxg4 hxg4 30. f5 e5 31. Nd5 Bxd5 32. Rxd5 Bf8 33. a4 Rd7 34. Ng3 Qh7 35. Kf2 Bh6 36. Rh1 Bxe3+ 37. Kxe3 Qg7 38. Rh5 Rf8 39. Rd1 Kf7 40. Rdh1 Ke8 41. Qd1 Kd8 42. R1h4 Rg8 43. Ne2 g3 44. Nc3 Qf8 45. Nd5 Rb7 46. Kd2 Kc8 47. Kc3 Kb8 48. Qf3 Ka7 49. Rh6 Rf7 50. Kb2 Nd7 51. Rh3 Rfg7 52. Rh7 Kb7 53. R3h6 Qc8 54. Qe3 Qf8 55. Qd2 Qf7 56. Rxg7 Rxg7 57. Nc3 Rh7 58. Nb5 Ka6 59. Nxd6 Qg8 60. Rxh7 Qxh7 61. Qd5 Nc5 62. Qa8+ Qa7 63. Qc8+ Nb7 64. Nb5 1-0

[Event "GER-ch U18"]
[Site "Willingen"]
[Date "2021.08.26"]
[Round "6"]
[White "Biermann, Lenhard"]
[Black "Schmitt, Daniel"]
[Result "1/2-1/2"]
[WhiteElo "2160"]
[BlackElo "1966"]
[PlyCount "64"]
[EventDate "2021.08.22"]
[EventType "swiss"]
[EventRounds "9"]
[EventCountry "GER"]
[SourceTitle "EXT 2022"]
[Source "ChessBase"]
[SourceDate "2021.10.06"]
[SourceVersion "1"]
[SourceVersionDate "2021.10.06"]
[SourceQuality "1"]

1. d4 d5 2. c4 e6 3. Nf3 Nf6 4. g3 Bb4+ 5. Bd2 Be7 6. Qc2 0-0 7. Bg2 Nbd7 8. 0-0 c6 9. Bf4 b6 10. Nc3 Bb7 11. Rfd1 Nh5 12. Be3 Nhf6 13. Bf4 Nh5 14. Rac1 Nxf4 15. gxf4 Nf6 16. Ne5 Nh5 17. e3 g6 18. Qa4 Qd6 19. cxd5 exd5 20. Qb3 Kg7 21. a4 f6 22. Nd3 Ba6 23. Ne2 Rfc8 24. Rc3 f5 25. Ng3 Nxg3 26. hxg3 Bxd3 27. Rcxd3 Rc7 28. Rc3 h5 29. Rdc1 Rac8 30. Bf3 h4 31. Kg2 Bf6 32. R3c2 Rd8 1/2-1/2

[Event "GER-ch U18"]
[Site "Willingen"]
[Date "2021.08.23"]
[Round "1"]
[White "Weishaeutel, Moritz"]
[Black "Schmitt, Daniel"]
[Result "0-1"]
[WhiteElo "2270"]
[BlackElo "1966"]
[PlyCount "72"]
[EventDate "2021.08.22"]
[EventType "swiss"]
[EventRounds "9"]
[EventCountry "GER"]
[SourceTitle "EXT 2022"]
[Source "ChessBase"]
[SourceDate "2021.10.06"]
[SourceVersion "1"]
[SourceVersionDate "2021.10.06"]
[SourceQuality "1"]

1. e4 c5 2. Nf3 Nc6 3. d4 cxd4 4. Nxd4 Nf6 5. Nc3 d6 6. Bg5 e6 7. Qd2 a6 8. 0-0-0 Bd7 9. f4 h6 10. Bh4 b5 11. Bxf6 gxf6 12. Kb1 Qb6 13. Nxc6 Bxc6 14. Qe1 0-0-0 15. Qh4 b4 16. Ne2 Be7 17. Qh5 Rhf8 18. Ng3 d5 19. Bd3 a5 20. f5 e5 21. Qxh6 d4 22. Qh5 a4 23. b3 Kb7 24. Bc4 Bb5 25. Bxb5 Qxb5 26. Qe2 Qc5 27. Rd3 Ra8 28. h4 Rh8 29. Nh5 Ra6 30. Rd2 Bf8 31. Qd1 Bh6 32. Re2 Qc3 33. Qe1 axb3 34. cxb3 d3 35. Rb2 d2 36. Qd1 Qc1+ 0-1